00435 2200169 4500245005100000020001800051250001200069100002000081700001900101650002800120005001900148260004200167041001400209084001000223300002300233336000900256 aKamus Inggris IndonesiacEchols, John M.hText a979-686-452-5 aCet. 27 aEchols, John M. aHassan Shadily aKamus Inggris Indonesia a20230511133549 aJakartabGramedia Pustaka Utamac2003 aIndonesia a423.1 a660 hlm. :c23 cm. atext